| 000 | 00619nam a2200241Ia 4500 | ||
|---|---|---|---|
| 003 | OSt | ||
| 005 | 20220924153523.0 | ||
| 006 | a|||||r|||| 00| 0 | ||
| 007 | ta | ||
| 008 | 220923b |||||||| |||| 00| 0 kan d | ||
| 024 | _a350537 | ||
| 037 | _cTextual | ||
| 040 |
_aARTS _cARTS _bkan |
||
| 041 |
_2kan _akan |
||
| 082 | _aO33,1M70:g, N9 | ||
| 100 |
_aRamamurthy Beluru Au. _9229040 |
||
| 245 | 0 | _aMahakave muddama | |
| 260 | _c1999 | ||
| 650 | _a KANNAD POETRY | ||
| 650 | _aKANNAD LITERATURE | ||
| 942 |
_hO33,1M70:g, N9 _cTEXL _2CC |
||
| 999 |
_c473867 _d473867 |
||